| 000 | 01371nam a2200253Ia 4500 | ||
|---|---|---|---|
| 999 |
_c50323 _d50323 |
||
| 001 | 17264 | ||
| 003 | GE_BSU | ||
| 005 | 20200210121755.0 | ||
| 008 | 181216s2010 xx |||||||||||||| ||geo|| | ||
| 020 | _a 9789941416187 | ||
| 040 | _cGE_BSU | ||
| 041 | _ageo | ||
| 080 | _a1+91შ-79 | ||
| 100 |
_aშნაიდერი,ჰელმუტ. _96922 |
||
| 245 |
_aფილოსოფიური გეოგრაფია = Philosophische Geographie / _cჰელმუტ შნაიდერი ; რედ. თენგიზ ირემაძე ; გერმ. თარგმნა : გიორგი თავაძემ. |
||
| 264 |
_aთბილისი : _bნეკერი, _c2010. |
||
| 300 |
_a118 გვ.; _c14 სმ. |
||
| 653 | _aფილოსოფია | ||
| 653 | _aფილოსოფიური გეოგრაფია. | ||
| 700 |
_aირემაძე, თენგიზ _eრედაქტორი _92229 |
||
| 700 |
_aთავაძე, გიორგი _eმთარგმნელი _92230 |
||
| 710 |
_e.გრიგოლ რობაქიძის სახელობის უნივერსიტეტი. ფილოსოფიისა და სოციალურ მეცნიერებათა კვლევითი ინსტიტუტი _96941 |
||
| 942 |
_cBK _2udc |
||